000 01047nam a22002177a 4500
999 _c56995
_d56995
003 Ge_BSU
005 20190925113559.0
008 190925s2019 ||||| |||| 00| 0 geo d
020 _a9789941816867
041 _ageo
080 _a342(479.22) კ-64
100 _aკობახიძე , ირაკლი .
_9134
245 _aკონსტიტუციური სამართალი : სახელმწიფო მოწყობის სამართალი /
_cირაკლი კობახიძე .
250 _aპირველი გამოცემა
264 _aთბილისი :
_bფავორიტი სტილი,
_c2019.
300 _a360 გვ .:
_c23 სმ.
440 _aიურიდუილი სახელმძღვანელოების სერია RES PUBLICA
_94310
653 _aსაქართველოს კონსტიტუციური სამართალი
653 _aსამართალი
942 _2udc
_cBK